000 00897nam a2200253 a 4500
001 79
005 20221127085840.0
008 050920s lxxua | 00100|eng d
020 _a0072492562(hpc) :
_cSR136.00
035 _a89
082 0 4 _a658.7
_bSi43 2003
100 1 _aSimchi-Levi, David.
245 1 0 _aDesigning and managing the supply chain :
_bconcepts, strategies & case studies /
_cDavid Simchi-Levi, P. Kaminsky, Edith Simchi-Levi.
250 _a2nd ed.
260 _aBoston, Mass .:
_bMcGraw-Hill,
_c2003.
300 _axxvii, 354 p. :
_bill. ;
_c25 cm.
_e2CD.
440 0 _aMcGraw-Hill/Irwin series in operations and decision sciences.
504 _aIncludes bibl. references and index.
650 4 _aMaterials management.
650 4 _aBusiness logistics.
650 4 _aManagement
_vCase studies.
700 1 _aKaminsky, Philip,
_ejt. auth.
700 1 _aSimchi-Levi, Edith,
_ejt. auth.
999 _c79
_d79